| 000 | 01573cam a22003614i 4500 | ||
|---|---|---|---|
| 003 | PE-LiUPU | ||
| 005 | 20250731183348.0 | ||
| 008 | 130226s2012 sp a 000 0 eng d | ||
| 020 | _a8415308256 | ||
| 020 | _a9788415308256 | ||
| 035 | _a(Sirsi) i9788415308256 | ||
| 040 |
_aC3L _bspa _cC3L _dOCLCQ _dPE-LiUPU _erda |
||
| 041 | 0 |
_aspa _aeng |
|
| 049 | _aPRUA | ||
| 082 | 0 | 4 |
_a769 _bM1 _221 |
| 245 | 0 | 0 |
_aMalofiej 19 : _bPremios internacionales de infografía / _cCoordinación: Javier Errea y Álvaro Gil; Diseño Errea Comunicación; traducción: Aycer Manfatta y Elisa Santafé |
| 264 |
_aBarcelona : _bIndex Book, _c2012. |
||
| 300 |
_a216 páginas : _bilustraciones ; _c30 centímetros. |
||
| 336 | _2rdacontent | ||
| 337 | _2rdamedia | ||
| 338 | _2rdacarrier | ||
| 504 | _aIndice : páginas 212-213. | ||
| 505 | 2 | _aExploraciones visuales. Indagar en internet para entender la sociedad -- Cien años de hundimiento del titanic -- Mario Tascón. El último eslabón de la cadena digital -- Multiculturalismo y tenacidad en The Nwe York Times -- Infografías en paises no occidentales --19 premios internacionales de infografía Malofiej. | |
| 526 | _aP158 | ||
| 526 | _aP146 | ||
| 526 | _aP17 | ||
| 526 | _aP12 | ||
| 526 | _aP06 | ||
| 942 |
_2ddc _cBOOK |
||
| 949 |
_a769 M1 _wDEWEY _c1 _i73951 _d2016-9-26 _e2016-9-26 _lCCODEBUL1 _mBUL _n1 _p10.44 _r0 _sY _tBOOK _u2016-6-27 _xINGENIERIA _0COMPRA _o.STAFF. Colección General |
||
| 980 |
_81 _gALBERTO SANCHEZ Responsable de Automatización |
||
| 999 |
_c10216 _d10216 |
||